| 000 | nam a22 7a 4500 | ||
|---|---|---|---|
| 999 |
_c150311 _d150309 |
||
| 005 | 20190812161220.0 | ||
| 008 | 190812b sp ||||| |||| 00| 0 spa d | ||
| 020 | _a8430920560 | ||
| 050 | 0 | 4 |
_aKKT2070 _bb35 1991 |
| 100 | 1 |
_aBalaguer Callejón, Francisco, _eautor |
|
| 245 | 1 | 0 |
_aFuentes del derecho _c/ Francisco Balaguer Callejón. |
| 250 | _a1a ed. | ||
| 260 |
_aMadrid : _bTecnos, _c1991 |
||
| 300 |
_a183 p. ; _c24 cm. |
||
| 505 | 1 |
_aContenido : _tV.1 Principios del ordenamiento constitucional |
|
| 650 | 7 |
_2lemb _aDerecho constitucional _zEspaña _xHistoria _xFuentes |
|
| 942 |
_2lcc _cLIB |
||